Statistics for Shared first names

Click here to take the quiz!

General Stats

  • This quiz has been taken 47 times
  • The average score is 4 of 8

Answer Stats

HintAnswer% Correct
Zuckerberg,McMorris,HamillMark
100%
Hawking, Bunting,CurryStephen
84%
Edison, Mann, VanekThomas
80%
Ricciardo,Craig, StåhlDaniel
44%
Collins, Taylor, WoodsPhil
38%
Sutil,Newey, GrenierAdrian
22%
Carlsen, Pääjärvi, EnckellMagnus
20%
Jurack,Smith, OjoMichael
11%

Score Distribution

Percentile by Number Answered

Percent of People with Each Score

Your Score History

You have not taken this quiz